000 00265nam a22001217a 4500
008 181029b xxu||||| |||| 00| 0 eng d
041 _aeng
080 _a620
100 _a27
101 _aMEK
245 _aRadio Engineers Handbook
_cTerman,F.E
942 _2udc
_cBK
999 _c51035
_d51035